| 000 | 00390nam a2200157Ia 4500 | ||
|---|---|---|---|
| 003 | IT-RoPAU | ||
| 008 | 120407s9999 xx 000 0 und d | ||
| 040 | _aIT-RoPAU | ||
| 040 | _cIT-RoPAU | ||
| 100 | _aKazimierz Majdanski | ||
| 245 | _aComunione di vita e d'amore. Teologia del matrimonio e della famiglia | ||
| 260 | _aVita e Pensiero | ||
| 300 | _c cm | ||
| 490 | _v1 | ||
| 942 | _cBK | ||
| 999 |
_c12719 _d12719 |
||